| 000 | 00402pab a2200169 454500 | ||
|---|---|---|---|
| 008 | 180718b2009 xxu||||| |||| 00| 0 eng d | ||
| 100 | _aShevel, Oxama | ||
| 245 | _aThe politics of citizenship policy in new states | ||
| 260 | _c2009 | ||
| 300 | _ap.273-91. | ||
| 362 | _aApr | ||
| 650 | _aCitizenship | ||
| 650 | _aNationality | ||
| 773 | _aComparative Politics | ||
| 908 | _aN | ||
| 909 | _a83090 | ||
| 999 |
_c83090 _d83090 |
||